Practical management science / (Record no. 653)
[ view plain ]
| 000 -LEADER | |
|---|---|
| fixed length control field | 01206cam a22002894a 4500 |
| 001 - CONTROL NUMBER | |
| control field | 11992501 |
| 005 - DATE AND TIME OF LATEST TRANSACTION | |
| control field | 20241105165538.0 |
| 008 - FIXED-LENGTH DATA ELEMENTS--GENERAL INFORMATION | |
| fixed length control field | 000502s2001 caua b 001 0 eng |
| 020 ## - INTERNATIONAL STANDARD BOOK NUMBER | |
| International Standard Book Number | 0534371353 |
| 050 00 - LIBRARY OF CONGRESS CALL NUMBER | |
| Classification number | T57.62. |
| Item number | W55 2001 |
| 082 00 - DEWEY DECIMAL CLASSIFICATION NUMBER | |
| Classification number | 658/.001/13 |
| Edition information | 21 |
| 100 1# - MAIN ENTRY--PERSONAL NAME | |
| Personal name | Winston, Wayne L. |
| 245 10 - TITLE STATEMENT | |
| Title | Practical management science / |
| Statement of responsibility, etc. | Wayne L. Winston, S. Christian Albright ; with case studies by Mark Broadie. |
| 250 ## - EDITION STATEMENT | |
| Edition statement | 2nd ed. |
| 260 ## - PUBLICATION, DISTRIBUTION, ETC. | |
| Place of publication, distribution, etc. | Pacific Grove, CA : |
| Name of publisher, distributor, etc. | Brooks/Cole, |
| Date of publication, distribution, etc. | 2001. |
| 300 ## - PHYSICAL DESCRIPTION | |
| Extent | xviii, 953 p. : |
| Other physical details | ill. ; |
| Dimensions | 26 cm. |
| Accompanying material | + 1 computer laser optical disc (4 3/4 in.) |
| 500 ## - GENERAL NOTE | |
| General note | Study guide (186 p. ; 24 cm.). |
| 650 #0 - SUBJECT ADDED ENTRY--TOPICAL TERM | |
| Topical term or geographic name entry element | Management science |
| General subdivision | Computer simulation. |
| 650 #0 - SUBJECT ADDED ENTRY--TOPICAL TERM | |
| Topical term or geographic name entry element | Management science |
| General subdivision | Mathematical models. |
| 650 #0 - SUBJECT ADDED ENTRY--TOPICAL TERM | |
| Topical term or geographic name entry element | Electronic spreadsheets. |
| 700 1# - ADDED ENTRY--PERSONAL NAME | |
| Personal name | Albright, S. Christian. |
| 700 1# - ADDED ENTRY--PERSONAL NAME | |
| Personal name | Broadie, Mark Nathan. |
| 856 42 - ELECTRONIC LOCATION AND ACCESS | |
| Materials specified | Contributor biographical information |
| Uniform Resource Identifier | <a href="http://www.loc.gov/catdir/enhancements/fy1105/00033737-b.html">http://www.loc.gov/catdir/enhancements/fy1105/00033737-b.html</a> |
| 856 42 - ELECTRONIC LOCATION AND ACCESS | |
| Materials specified | Publisher description |
| Uniform Resource Identifier | <a href="http://www.loc.gov/catdir/enhancements/fy1105/00033737-d.html">http://www.loc.gov/catdir/enhancements/fy1105/00033737-d.html</a> |
| 856 41 - ELECTRONIC LOCATION AND ACCESS | |
| Materials specified | Table of contents only |
| Uniform Resource Identifier | <a href="http://www.loc.gov/catdir/enhancements/fy1105/00033737-t.html">http://www.loc.gov/catdir/enhancements/fy1105/00033737-t.html</a> |
| 942 ## - ADDED ENTRY ELEMENTS (KOHA) | |
| Source of classification or shelving scheme | Library of Congress Classification |
| Koha item type | Books |
| Suppress in OPAC | No |
| 999 ## - | |
| -- | 653 |
| -- | 653 |
| Withdrawn status | Lost status | Source of classification or shelving scheme | Damaged status | Not for loan | Collection | Home library | Current library | Shelving location | Date acquired | Total checkouts | Full call number | Barcode | Date last seen | Copy number | Price effective from | Koha item type |
|---|---|---|---|---|---|---|---|---|---|---|---|---|---|---|---|---|
| Library of Congress Classification | Non-fiction | Undergraduate Library (Christ Temple) | Undergraduate Library (Christ Temple) | General stacks | 11/05/2024 | T57.62 WIN | ulct00000170 | 11/05/2024 | 1 | 11/05/2024 | Books | |||||
| Library of Congress Classification | Non-fiction | Undergraduate Library (Christ Temple) | Undergraduate Library (Christ Temple) | General stacks | 11/05/2024 | T57.62 WIN | ulct00000171 | 11/05/2024 | 2 | 11/05/2024 | Books |